000 00484nam a22001697a 4500
003 LK-CoDNM
005 20231208110958.0
008 231208b |||||||| |||| 00| 0 eng d
020 _a9786245572388
040 _aLK-CoDNM
_dLK-CoDNM
_eLK-CoDNM
041 _asin
080 _aX8C31
_bවන්නි
100 _aවන්නිආරචිචි,සමිර මධුසංක
245 _aඇබිනෝල්
260 _aMoratuwa
_bGerantha Publisher
_c2022
942 _cBK
999 _c143960
_d143960